A study of the constraints faced by small and medium enterprises in accessing credit from commercial banks: a case of Ndola (Record no. 58884)

MARC details
000 -LEADER
fixed length control field 00826nam a2200181 a 4500
008 - FIXED-LENGTH DATA ELEMENTS--GENERAL INFORMATION
fixed length control field 140205s2013 ||||||||||||||||| || u
050 ## - LIBRARY OF CONGRESS CALL NUMBER
Classification number THESIS/MUK
100 ## - MAIN ENTRY--PERSONAL NAME
Personal name Mukela, Sarah Nalukui
245 12 - TITLE STATEMENT
Title A study of the constraints faced by small and medium enterprises in accessing credit from commercial banks: a case of Ndola
Statement of responsibility, etc. by Sarah Nalukui Mukela
260 ## - PUBLICATION, DISTRIBUTION, ETC.
Place of publication, distribution, etc. Kitwe:
Name of publisher, distributor, etc. Copperbelt University
Date of publication, distribution, etc. 2013
300 ## - PHYSICAL DESCRIPTION
Extent xi, 84p.: ill.
362 1# - DATES OF PUBLICATION AND/OR SEQUENTIAL DESIGNATION
Dates of publication and/or sequential designation <p>MBA Finance</p>
500 ## - GENERAL NOTE
General note Bibliography
650 ## - SUBJECT ADDED ENTRY--TOPICAL TERM
Topical term or geographic name entry element SMALL AND MEDIUM ENTERPRISES
650 ## - SUBJECT ADDED ENTRY--TOPICAL TERM
Topical term or geographic name entry element SMALL AND MEDIUM ENTERPRISES--FUNDING
650 ## - SUBJECT ADDED ENTRY--TOPICAL TERM
Topical term or geographic name entry element SMALL AND MEDIUM ENTERPRISES--CREDIT FACILITIES--COMMERCIAL BANKS--NDOLA, ZAMBIA
995 ## - RECOMMENDATION 995 [LOCAL, UNIMARC FRANCE]
-- CBU-MAIN LIBRARY (Kitwe)
-- 1
-- AVAILABLE
-- Feb 5, 2014
-- University Collection
Holdings
Withdrawn status Lost status Source of classification or shelving scheme Damaged status Not for loan Home library Current library Shelving location Date acquired Total Checkouts Full call number Barcode Date last seen Price effective from Koha item type
          CBU-MAIN LIBRARY, KITWE. CBU-MAIN LIBRARY, KITWE.   11/30/2022   THESIS/MUK 744651 11/30/2022 11/30/2022 MONOGRAPH